| 000 | 00444nam a22001817a 4500 | ||
|---|---|---|---|
| 003 | CEME | ||
| 005 | 20210628203936.0 | ||
| 008 | 210316b xxu||||| |||| 00| 0 eng d | ||
| 020 | _a0-442-01558-5 | ||
| 040 | _c. | ||
| 082 | _a621.315 KAI'C | ||
| 100 |
_aKaiser, Cletus.J _967932 |
||
| 245 | _aThe capacitor handbook | ||
| 260 |
_aNEWYORK _bVAN NOSTRAND REINHOLD _c1993 |
||
| 300 | _a125P | ||
| 650 |
_aCAPACITOR _967933 |
||
| 942 |
_cBK _2ddc |
||
| 999 |
_c575618 _d575618 |
||